[Event "Davao City MDYCC 5th"]
[Site "Davao City"]
[Date "2020.02.16"]
[Round "9"]
[White "Galang, Emmanuel Christian"]
[Black "Tabudlong, Zsuzsa Grace A"]
[Result "0-1"]
[WhiteElo "1829"]
[BlackElo "1664"]
[PlyCount "66"]
[EventDate "2020.02.08"]
[EventType "tourn"]
[EventRounds "9"]
[EventCountry "PHI"]
[SourceTitle "CBM 195 Extra"]
[Source "ChessBase"]
[SourceDate "2020.05.31"]
[SourceVersion "1"]
[SourceVersionDate "2020.05.31"]
[SourceQuality "1"]

1. e4 c6 2. Nf3 d5 3. exd5 cxd5 4. d4 Nf6 5. Nc3 Bg4 6. Be2 e6 7. 0-0 Bd6 8. h3 Bxf3 9. Bxf3 Nc6 10. Be3 0-0 11. Re1 Rc8 12. a3 Na5 13. Re2 a6 14. Na4 b5 15. Nc5 Bxc5 16. dxc5 Ne4 17. b4 Nc3 18. Qd3 Nxe2+ 19. Bxe2 Nc4 20. Bd4 Re8 21. Qg3 g6 22. a4 Qc7 23. Qxc7 Rxc7 24. axb5 axb5 25. c3 e5 26. Be3 f5 27. Re1 Ra8 28. Bc1 Rca7 29. Bg5 Kf7 30. f3 Ra1 31. Rxa1 Rxa1+ 32. Kf2 Ke6 33. f4 Ra3 0-1

[Event "Davao City MDYCC 5th"]
[Site "Davao City"]
[Date "2020.02.09"]
[Round "4"]
[White "Villanueva, Ralph Jason"]
[Black "Galang, Emmanuel Christian"]
[Result "0-1"]
[WhiteElo "1790"]
[BlackElo "1829"]
[PlyCount "108"]
[EventDate "2020.02.08"]
[EventType "tourn"]
[EventRounds "9"]
[EventCountry "PHI"]
[SourceTitle "CBM 195 Extra"]
[Source "ChessBase"]
[SourceDate "2020.05.31"]
[SourceVersion "1"]
[SourceVersionDate "2020.05.31"]
[SourceQuality "1"]

1. d4 d5 2. c4 Nf6 3. Nc3 e6 4. cxd5 Nxd5 5. Nf3 Nc6 6. a3 h6 7. e4 Nxc3 8. bxc3 a6 9. Bd3 Ne7 10. c4 b6 11. Be3 g6 12. 0-0 Bg7 13. e5 0-0 14. Nd2 Bb7 15. Be4 Bxe4 16. Nxe4 Nf5 17. g4 Ne7 18. f4 f5 19. exf6 Bxf6 20. Nxf6+ Rxf6 21. g5 hxg5 22. fxg5 Rxf1+ 23. Qxf1 Nf5 24. Qd3 Qd6 25. Rd1 Rd8 26. Qe4 Qd7 27. Bf4 Re8 28. Be5 Qa4 29. Qd3 Qd7 30. Rf1 c5 31. Rf3 Re7 32. Rh3 Rh7 33. Rxh7 Qxh7 34. dxc5 Qe7 35. Bf6 Qxc5+ 36. Kg2 Qc6+ 37. Kh3 Qc7 38. Qe4 Qc8 39. a4 Kf7 40. Kg4 Nd6 41. Qf4 Qxc4 42. Bd4+ Nf5 43. Bxb6 Qe2+ 44. Qf3 Qxf3+ 45. Kxf3 e5 46. a5 Ke6 47. Ke4 Nd6+ 48. Kf3 Kf5 49. h4 e4+ 50. Kg3 Nc4 51. Bd8 Nd2 52. Bc7 e3 53. Bf4 Ne4+ 54. Kf3 e2 0-1